[Event "Kvika Reykjavik Open 2022"]
[Site "Reykjavik, Iceland"]
[Date "2022.04.07"]
[Round "3.52"]
[White "Vemparala, Nikash"]
[Black "Roe, Simon J"]
[Result "0-1"]
[WhiteElo "1923"]
[BlackElo "2211"]
[PlyCount "52"]
[EventDate "2022.??.??"]

1. e4 {[%eval 33,0]} Nf6 {[%eval 29,0]} 2. e5 {[%eval 35,0]} Nd5 {[%eval 89,0]}
3. d4 {[%eval 79,0]} d6 {[%eval 78,0]} 4. c4 {[%eval 58,0]} Nb6 {[%eval 25,0]}
5. exd6 {[%eval 25,0]} exd6 {[%eval 36,0]} 6. Be3 {[%eval 36,0]} Be7 {[%eval
62,0]} 7. Bd3 {[%eval 38,0]} Nc6 {[%eval 68,0]} 8. a3 {[%eval 28,0]} Bf6 {
[%eval 22,0]} 9. Ne2 {[%eval 25,0]} Bg4 {[%eval 6,0]} 10. f3 {[%eval 66,0]} Bh5
{[%eval 55,0]} 11. O-O {[%eval 6,0]} Bg6 {[%eval 64,0]} 12. Nbc3 {[%eval 63,0]}
O-O {[%eval 65,0]} 13. Ne4 $6 {[%eval 8,0] Inaccuracy. b3 was best.} (13. b3)
13... d5 {[%eval 0,0]} 14. Nxf6+ {[%eval 25,0]} Qxf6 {[%eval 32,0]} 15. c5 {
[%eval 14,0]} Nc4 {[%eval 9,0]} 16. Bxc4 {[%eval 0,0]} dxc4 {[%eval 8,0]} 17.
Nf4 $2 {[%eval -63,0] Mistake. Qd2 was best.} (17. Qd2) 17... Rfe8 $2 {[%eval
14,0] Mistake. Rad8 was best.} (17... Rad8 18. d5 Qxb2 19. Qc1 Qxc1 20. Rfxc1
Ne5 21. d6 cxd6 22. cxd6 b6 23. Nxg6 hxg6 24. Bf4) 18. Qd2 {[%eval 3,0]} Rad8 {
[%eval 2,0]} 19. Nxg6 $6 {[%eval 95,0] Inaccuracy. Rfe1 was best.} (19. Rfe1 b6
) 19... Qxg6 {[%eval 62,0]} 20. Rfd1 $4 {[%eval -299,0] Blunder. Bf2 was best.}
(20. Bf2 Qd3) 20... Ne5 {[%eval -291,0]} 21. Kh1 $6 {[%eval -201,0] Inaccuracy.
dxe5 was best.} (21. dxe5 Rxd2) 21... Nd3 {[%eval -212,0]} 22. b3 $2 {[%eval
-547,0] Mistake. b4 was best.} (22. b4) 22... Nxc5 {[%eval -546,0]} 23. Qc3 {
[%eval -658,0]} Nxb3 {[%eval -656,0]} 24. Rab1 {[%eval -654,0]} b5 {[%eval
-662,0]} 25. Re1 {[%eval -664,0]} h6 {[%eval -618,0]} 26. h3 {[%eval -647,0]}
c5 {[%eval -644,0]} 0-1

[Event "Kvika Reykjavik Open 2022"]
[Site "Reykjavik, Iceland"]
[Date "2022.04.07"]
[Round "3.53"]
[White "Ptacnikova, Lenka"]
[Black "Mitra, Akash"]
[Result "0-1"]
[WhiteElo "2186"]
[BlackElo "1866"]
[PlyCount "54"]
[EventDate "2022.??.??"]

1. c4 {[%eval 23,0]} Nf6 {[%eval 29,0]} 2. Nc3 {[%eval 8,0]} g6 {[%eval 51,0]}
3. d4 {[%eval 31,0]} Bg7 {[%eval 7,0]} 4. e4 {[%eval 67,0]} d6 {[%eval 73,0]}
5. Be2 $6 {[%eval 13,0] Inaccuracy. h3 was best.} (5. h3 e5 6. d5 a5 7. Nf3 Na6
8. Be3 Nc5 9. Qc2 b6) 5... O-O {[%eval 45,0]} 6. Be3 {[%eval 4,0]} e5 {[%eval
6,0]} 7. d5 {[%eval 56,0]} a5 {[%eval 9,0]} 8. g4 {[%eval 125,0]} Na6 {[%eval
126,0]} 9. h4 {[%eval 79,0]} Ne8 $2 {[%eval 187,0] Mistake. Nc5 was best.} (
9... Nc5 10. f3 h5 11. g5 Ne8 12. Qd2 c6 13. O-O-O cxd5 14. Nxd5 Ra6 15. Nc3
Qb6 16. Kb1) 10. h5 {[%eval 229,0]} f5 $6 {[%eval 300,0] Inaccuracy. Nc5 was
best.} (10... Nc5 11. f3) 11. hxg6 {[%eval 296,0]} hxg6 {[%eval 304,0]} 12.
gxf5 {[%eval 313,0]} gxf5 {[%eval 311,0]} 13. exf5 {[%eval 318,0]} Bxf5 {
[%eval 305,0]} 14. Bg4 {[%eval 253,0]} Qf6 {[%eval 244,0]} 15. Qf3 {[%eval 216,
0]} Nc5 {[%eval 197,0]} 16. Bxf5 {[%eval 228,0]} Qxf5 {[%eval 213,0]} 17. Qxf5
{[%eval 212,0]} Rxf5 {[%eval 187,0]} 18. O-O-O {[%eval 199,0]} Nf6 {[%eval 196,
0]} 19. f3 $2 {[%eval 79,0] Mistake. Rh4 was best.} (19. Rh4 Rh5 20. Rxh5 Nxh5
21. Nf3 Rf8 22. Ng5 Rf5 23. Kc2 Bf6 24. Rg1 Bxg5 25. Rxg5+ Ng7) 19... Kf7 {
[%eval 93,0]} 20. Nh3 {[%eval 115,0]} Ke7 {[%eval 92,0]} 21. Ng5 {[%eval 98,0]}
Rg8 {[%eval 119,0]} 22. Nce4 {[%eval 137,0]} Nfxe4 {[%eval 153,0]} 23. fxe4 {
[%eval 118,0]} Rf6 {[%eval 129,0]} 24. Rdf1 $4 {[%eval -59,0] Blunder. Bxc5
was best.} (24. Bxc5 dxc5 25. Ne6 Bh6+ 26. Kb1 Kd6 27. Rdg1 Rxg1+ 28. Rxg1 c6
29. a4 cxd5 30. cxd5 c4) 24... Rxf1+ {[%eval -62,0]} 25. Rxf1 {[%eval -62,0]}
Bh6 {[%eval -57,0]} 26. Rf7+ {[%eval -94,0]} Ke8 {[%eval -57,0]} 27. Rxc7 $4 {
[%eval -678,0] Blunder. Rf5 was best.} (27. Rf5) 27... Bxg5 {[%eval -629,0]}
0-1

[Event "Kvika Reykjavik Open 2022"]
[Site "Reykjavik, Iceland"]
[Date "2022.04.07"]
[Round "3.55"]
[White "Mai, Alexander Oliver"]
[Black "Larkin, Benjamin"]
[Result "1/2-1/2"]
[WhiteElo "2177"]
[BlackElo "1857"]
[PlyCount "68"]
[EventDate "2022.??.??"]

1. e4 {[%eval 33,0]} c6 {[%eval 56,0]} 2. d4 {[%eval 35,0]} d5 {[%eval 49,0]}
3. e5 {[%eval 28,0]} c5 {[%eval 0,0]} 4. Nf3 {[%eval 38,0]} cxd4 {[%eval 29,0]}
5. Nxd4 {[%eval 16,0]} e6 {[%eval 56,0]} 6. Bd3 {[%eval 35,0]} Nc6 {[%eval 44,
0]} 7. Nxc6 {[%eval 12,0]} bxc6 {[%eval 43,0]} 8. O-O {[%eval 33,0]} Ne7 {
[%eval 34,0]} 9. Nd2 {[%eval 32,0]} Ng6 {[%eval 49,0]} 10. Nf3 {[%eval 5,0]}
Be7 {[%eval 55,0]} 11. Qe2 {[%eval 28,0]} O-O {[%eval 1,0]} 12. g3 {[%eval 11,
0]} f6 {[%eval 0,0]} 13. Bxg6 {[%eval 48,0]} hxg6 {[%eval 36,0]} 14. Qd3 {
[%eval 75,0]} Kf7 {[%eval -72,0]} 15. Re1 {[%eval -98,0]} g5 $4 {[%eval 194,0]
Blunder. a5 was best.} (15... a5 16. h4 Rh8 17. c3 c5 18. b4 axb4 19. cxb4 Ba6
20. Qd2 Bb7 21. exf6 gxf6 22. Qf4) 16. c3 $4 {[%eval 1,0] Blunder. exf6 was
best.} (16. exf6) 16... f5 {[%eval 26,0]} 17. Bd2 $4 {[%eval -119,0] Blunder.
b4 was best.} (17. b4 a5) 17... g4 $4 {[%eval 97,0] Blunder. c5 was best.} (
17... c5) 18. Nd4 {[%eval -87,0]} c5 {[%eval 94,0]} 19. Nc6 {[%eval -72,0]} Qc7
{[%eval -83,0]} 20. Nxe7 {[%eval -75,0]} Qxe7 {[%eval -81,0]} 21. b4 {[%eval
82,0]} Bb7 {[%eval -93,0]} 22. bxc5 {[%eval -77,0]} Qxc5 {[%eval -78,0]} 23.
Rab1 {[%eval -56,0]} Qc6 $6 {[%eval 63,0] Inaccuracy. Rfb8 was best.} (23...
Rfb8 24. Qd4 Qxd4 25. cxd4 Ba6 26. a3 Kg6 27. Rxb8 Rxb8 28. Bb4 Bd3 29. Rc1 Bc4
30. Kg2) 24. Qd4 {[%eval 77,0]} Ba6 {[%eval 52,0]} 25. Rb4 {[%eval 51,0]} Rfc8
$6 {[%eval 0,0] Inaccuracy. Rfb8 was best.} (25... Rfb8 26. a3) 26. Reb1 $2 {
[%eval -79,0] Mistake. h3 was best.} (26. h3 gxh3) 26... Rc7 {[%eval 72,0]} 27.
R1b3 $6 {[%eval -52,0] Inaccuracy. h4 was best.} (27. h4 gxh3 28. g4 Be2 29.
gxf5 h2+ 30. Kxh2 Rh8+ 31. Kg2 exf5 32. Bg5 Rh5 33. f4 Kg6) 27... Bc4 {[%eval
-39,0]} 28. Rb2 {[%eval -73,0]} Rd8 $6 {[%eval 59,0] Inaccuracy. Be2 was best.}
(28... Be2 29. Qf4 Bf3 30. h4 d4 31. Rxd4 Bh1 32. f3 Bxf3 33. Rd6 Qc5+ 34. Qd4
Qxd4+ 35. Rxd4) 29. Be3 {[%eval 75,0]} Rdd7 $6 {[%eval 0,0] Inaccuracy. Ba6
was best.} (29... Ba6 30. h3) 30. Kg2 $4 {[%eval -194,0] Blunder. h3 was best.}
(30. h3 gxh3 31. Qh4 d4 32. Qh5+ Kg8 33. Qe8+ Kh7 34. Qh5+) 30... Rb7 $4 {
[%eval 0,0] Blunder. Bd3 was best.} (30... Bd3 31. Bd2 Be4+ 32. Kg1 Rc8 33. Ra4
Kg8 34. h4 Kh7 35. Rbb4 Rdc7 36. Ra5 Rb7 37. Rxa7) 31. Rxb7 {[%eval 0,0]} Rxb7
{[%eval 0,0]} 32. Rxb7+ {[%eval 0,0]} Qxb7 {[%eval 0,0]} 33. Qxa7 {[%eval 0,0]}
Qxa7 {[%eval 0,0]} 34. Bxa7 {[%eval 0,0]} Bxa2 {[%eval 0,0]} 1/2-1/2

[Event "Kvika Reykjavik Open 2022"]
[Site "Reykjavik, Iceland"]
[Date "2022.04.07"]
[Round "3.56"]
[White "Ingvason, Johann"]
[Black "Hermes, Geoff R"]
[Result "1-0"]
[WhiteElo "2172"]
[BlackElo "1837"]
[PlyCount "95"]
[EventDate "2022.??.??"]

1. e4 {[%eval 33,0]} d6 {[%eval 75,0]} 2. d4 {[%eval 4,0]} Nf6 {[%eval 63,0]}
3. Bd3 {[%eval 48,0]} e5 {[%eval 51,0]} 4. d5 {[%eval 29,0]} Be7 {[%eval 61,0]}
5. c4 {[%eval 25,0]} O-O {[%eval 52,0]} 6. Ne2 {[%eval 38,0]} Nbd7 {[%eval 44,
0]} 7. Ng3 {[%eval 55,0]} Nc5 {[%eval 87,0]} 8. Bc2 {[%eval 45,0]} c6 {[%eval
81,0]} 9. O-O {[%eval 62,0]} a5 {[%eval 9,0]} 10. Nc3 {[%eval 93,0]} Bd7 {
[%eval 79,0]} 11. a4 $6 {[%eval 2,0] Inaccuracy. Be3 was best.} (11. Be3 cxd5)
11... Na6 {[%eval 49,0]} 12. Ra3 {[%eval 47,0]} Nb4 {[%eval 79,0]} 13. Bb1 {
[%eval 63,0]} Qc7 $6 {[%eval 116,0] Inaccuracy. Ne8 was best.} (13... Ne8 14.
f4) 14. h3 {[%eval 102,0]} Qc8 $6 {[%eval 193,0] Inaccuracy. Ne8 was best.} (
14... Ne8 15. Be3 Bf6 16. Qd2 g6 17. Bh6 Bg7 18. Bg5 f6 19. Be3 Rc8 20. Kh2 Qd8
21. f4) 15. Kh2 {[%eval 161,0]} h6 $6 {[%eval 227,0] Inaccuracy. Ne8 was best.}
(15... Ne8 16. f4) 16. f4 {[%eval 236,0]} exf4 $6 {[%eval 347,0] Inaccuracy.
Nh7 was best.} (16... Nh7 17. Nce2) 17. Bxf4 {[%eval 346,0]} cxd5 {[%eval 395,
0]} 18. cxd5 {[%eval 423,0]} Qc5 $6 {[%eval 548,0] Inaccuracy. Qd8 was best.} (
18... Qd8 19. Nb5 Nh7 20. Rc3 Bg5 21. Bxd6 Bxb5 22. Bc7 Bxa4 23. Qxa4 Qe8 24.
Qb3 Bf6 25. Nf5) 19. Qf3 $2 {[%eval 302,0] Mistake. Nb5 was best.} (19. Nb5 Qb6
) 19... Nh7 {[%eval 377,0]} 20. Be3 {[%eval 304,0]} Qc4 {[%eval 329,0]} 21. Nb5
{[%eval 343,0]} Bxb5 $2 {[%eval 579,0] Mistake. Nc2 was best.} (21... Nc2 22.
Bxc2 Qxc2 23. Nd4 Qc7 24. Ngf5 Bf6 25. Qg3 Be5 26. Bf4 Bxd4 27. Nxd4 Qc4 28.
Rd1) 22. Rc3 $6 {[%eval 404,0] Inaccuracy. Rc1 was best.} (22. Rc1) 22... Qxf1
{[%eval 465,0]} 23. Nxf1 {[%eval 456,0]} Bxf1 {[%eval 486,0]} 24. Qxf1 {
[%eval 509,0]} Bf6 {[%eval 501,0]} 25. e5 $4 {[%eval 134,0] Blunder. Bf4 was
best.} (25. Bf4 Rfd8 26. Rc7 Nf8 27. Rxb7 Ng6 28. Bxh6 Rf8 29. Bc1 Rac8 30. g3
Bd4 31. Kg2 Ne5) 25... Bxe5+ {[%eval 143,0]} 26. Bf4 {[%eval 143,0]} Bxf4+ $2 {
[%eval 291,0] Mistake. Nf6 was best.} (26... Nf6 27. Bxe5 dxe5 28. Qb5 Rad8 29.
d6 Rxd6 30. Qxe5 Rd5 31. Qf4 Rd1 32. Qf5 Nc6 33. Rg3) 27. Qxf4 {[%eval 318,0]}
Nf6 {[%eval 286,0]} 28. Rg3 {[%eval 303,0]} Kh8 {[%eval 294,0]} 29. Qxd6 $2 {
[%eval 135,0] Mistake. Qd4 was best.} (29. Qd4) 29... Rfd8 $2 {[%eval 284,0]
Mistake. Nbxd5 was best.} (29... Nbxd5 30. Rd3) 30. Qb6 {[%eval 287,0]} Nbxd5
$2 {[%eval 459,0] Mistake. Rd7 was best.} (30... Rd7 31. Qb5 Nbxd5 32. Be4 Re8
33. Bxd5 Rxd5 34. Qxb7 Kg8 35. Qa6 Re6 36. Qc8+ Re8 37. Qc1) 31. Qxb7 {[%eval
486,0]} Rab8 {[%eval 555,0]} 32. Qxf7 {[%eval 527,0]} Rd7 {[%eval 533,0]} 33.
Qe6 {[%eval 488,0]} Rb6 {[%eval 624,0]} 34. Qe1 {[%eval 587,0]} Nb4 {[%eval
663,0]} 35. Bf5 {[%eval 669,0]} Rc7 {[%eval 684,0]} 36. Qe5 {[%eval 692,0]}
Nbd5 {[%eval 677,0]} 37. Rc3 {[%eval 685,0]} Rxc3 {[%eval 695,0]} 38. bxc3 {
[%eval 701,0]} Rb7 {[%eval 667,0]} 39. Qd6 {[%eval 661,0]} Re7 {[%eval 748,0]}
40. Qd8+ {[%eval 661,0]} Re8 {[%eval 671,0]} 41. Qxa5 {[%eval 662,0]} Ne3 {
[%eval 638,0]} 42. Bg6 {[%eval 668,0]} Rc8 {[%eval 702,0]} 43. Qa6 {[%eval 653,
0]} Rf8 {[%eval 669,0]} 44. Qe6 {[%eval 669,0]} Ned5 {[%eval 754,0]} 45. Qd6 {
[%eval 723,0]} Rc8 {[%eval 732,0]} 46. c4 {[%eval 703,0]} Rxc4 {[%eval 1061,0]}
47. Qd8+ {[%eval 1489,0]} Ng8 {[%eval 1184,0]} 48. Bf7 {[%eval 1284,0]} 1-0

[Event "Kvika Reykjavik Open 2022"]
[Site "Reykjavik, Iceland"]
[Date "2022.04.07"]
[Round "3.57"]
[White "Gudmundsson, Gunnar Erik"]
[Black "Wichtrup, Jan-Louis"]
[Result "1-0"]
[WhiteElo "1904"]
[BlackElo "2166"]
[PlyCount "69"]
[EventDate "2022.??.??"]

1. d4 {[%eval 3,0]} Nf6 {[%eval 23,0]} 2. c4 {[%eval 2,0]} e6 {[%eval 23,0]} 3.
Nc3 {[%eval 5,0]} d5 {[%eval 41,0]} 4. cxd5 {[%eval 16,0]} Nxd5 {[%eval 37,0]}
5. e4 {[%eval 22,0]} Nxc3 {[%eval 33,0]} 6. bxc3 {[%eval 33,0]} c5 {[%eval 17,
0]} 7. Nf3 {[%eval 33,0]} cxd4 {[%eval 5,0]} 8. cxd4 {[%eval 6,0]} Bb4+ {
[%eval 47,0]} 9. Bd2 {[%eval 22,0]} Bxd2+ {[%eval 37,0]} 10. Qxd2 {[%eval 23,0]
} O-O {[%eval 34,0]} 11. Be2 {[%eval 37,0]} b6 {[%eval 27,0]} 12. O-O {[%eval
34,0]} Bb7 {[%eval 2,0]} 13. Qf4 {[%eval 15,0]} Nd7 {[%eval 0,0]} 14. e5 {
[%eval 11,0]} Rc8 {[%eval 2,0]} 15. Rac1 {[%eval 37,0]} Nb8 $2 {[%eval 7,0]
Mistake. Bd5 was best.} (15... Bd5 16. h3 Rxc1 17. Rxc1 Bxa2 18. Ra1 Bd5 19.
Rxa7 Nb8 20. Nh2 Nc6 21. Ra3 Ne7 22. Ng4) 16. Rfd1 $2 {[%eval 74,0] Mistake.
Ng5 was best.} (16. Ng5) 16... Rxc1 {[%eval 81,0]} 17. Rxc1 {[%eval 64,0]} Nc6
{[%eval 61,0]} 18. Bd3 {[%eval -91,0]} Nb4 {[%eval 56,0]} 19. Be4 $2 {[%eval
-21,0] Mistake. Bxh7+ was best.} (19. Bxh7+ Kxh7) 19... Bxe4 {[%eval -94,0]}
20. Qxe4 {[%eval -17,0]} Qd7 $4 {[%eval 0,0] Blunder. Nxa2 was best.} (20...
Nxa2) 21. Ng5 {[%eval 0,0]} g6 {[%eval 0,0]} 22. Qh4 {[%eval 0,0]} h5 {[%eval
0,0]} 23. Ne4 {[%eval 8,0]} Nd5 {[%eval 0,0]} 24. g4 {[%eval 34,0]} Qd8 {
[%eval 0,0]} 25. Qh3 $2 {[%eval -84,0] Mistake. Qxd8 was best.} (25. Qxd8 Rxd8
26. f3 hxg4 27. fxg4 Kg7 28. Kf2 b5 29. h4 Rh8 30. Kg3 b4 31. Rc5 Rb8) 25...
hxg4 $4 {[%eval 576,0] Blunder. Kg7 was best.} (25... Kg7) 26. Qh6 {[%eval 598,
0]} f6 $6 {[%eval 900,0] Inaccuracy. Re8 was best.} (26... Re8 27. h3) 27.
Qxg6+ {[%eval 887,0]} Kh8 {[%eval 851,0]} 28. Qh5+ {[%eval 809,0]} Kg7 {
[%eval 875,0]} 29. Qxg4+ {[%eval 879,0]} Kh6 {[%eval 867,0]} 30. Qh4+ {[%eval
932,0]} Kg6 {[%eval 1112,0]} 31. Qg4+ {[%eval 808,0]} Kh6 {[%eval 902,0]} 32.
Kh1 {[%eval 875,0]} Rg8 {[%eval 1444,0]} 33. Qh4+ {[%eval 1561,0]} Kg6 $6 {
[%eval 32756,0] Checkmate is now unavoidable. Kg7 was best.} (33... Kg7 34.
Rg1+) 34. Rg1+ {[%eval 32758,0]} Kf5 {[%eval 32758,0]} 35. Nd6+ {[%eval 32756,
0]} 1-0

[Event "Kvika Reykjavik Open 2022"]
[Site "Reykjavik, Iceland"]
[Date "2022.04.07"]
[Round "3.65"]
[White "Thorisson, Benedikt"]
[Black "Collins, Adam"]
[Result "0-1"]
[WhiteElo "1778"]
[BlackElo "2039"]
[PlyCount "94"]
[EventDate "2022.??.??"]

1. e4 c6 2. Nc3 d5 3. Nf3 Bg4 4. h3 Bh5 5. exd5 cxd5 6. d4 Nc6 7. Bb5 e6 8. Bf4
Bb4 9. O-O Bxc3 10. bxc3 Nge7 11. Rb1 O-O 12. Bd3 Ng6 13. Bxg6 fxg6 14. Bg3 Qd7
15. Kh2 Bxf3 16. gxf3 Na5 17. Qe2 Nc4 18. Rfe1 Rae8 19. Kg2 Rf5 20. Be5 b6 21.
f4 Ref8 22. Rf1 Qe7 23. Rbe1 g5 24. fxg5 Nxe5 25. dxe5 Qxg5+ 26. Qg4 Rxe5 27.
Qxg5 Rxg5+ 28. Kh2 Rg6 29. Re2 Rf3 30. Re3 Rxe3 31. fxe3 Rf6 32. Rxf6 gxf6 33.
Kg3 Kf7 34. Kf4 Kg6 35. Kg4 f5+ 36. Kf4 Kf6 37. h4 h5 38. Kg3 Ke5 39. Kf3 b5
40. a3 a6 41. Kf2 Ke4 42. Ke2 e5 43. Kf2 f4 44. exf4 Kxf4 45. Ke2 Kg4 46. Ke3
Kxh4 47. c4 bxc4 0-1

[Event "Kvika Reykjavik Open 2022"]
[Site "Reykjavik, Iceland"]
[Date "2022.04.07"]
[Round "3.108"]
[White "Sveinbjornsson, Gudmundur Orri"]
[Black "Bryant, Harry"]
[Result "0-1"]
[WhiteElo "1144"]
[BlackElo "1425"]
[PlyCount "56"]
[EventDate "2022.??.??"]

1. e4 c5 2. Nc3 Nc6 3. f4 e6 4. Nf3 Nge7 5. Bb5 a6 6. Bxc6 Nxc6 7. d3 g6 8. O-O
Bg7 9. Qe1 O-O 10. Ng5 d5 11. e5 b5 12. Qg3 b4 13. Ne2 h6 14. Nf3 a5 15. c3 c4
16. d4 a4 17. a3 bxa3 18. bxa3 Na5 19. Be3 Nb3 20. Rab1 Qe7 21. Nc1 Qxa3 22.
Nxb3 axb3 23. Rfc1 Bd7 24. Nh4 b2 25. Rc2 Rfb8 26. Qf2 Qa1 27. Rcxb2 Qxb1+ 28.
Rxb1 Rxb1+ 0-1

[Event "Kvika Reykjavik Open 2022"]
[Site "Reykjavik, Iceland"]
[Date "2022.04.08"]
[Round "4.1"]
[White "Jarmula, Lukasz"]
[Black "Niemann, Hans Moke"]
[Result "1-0"]
[WhiteElo "2434"]
[BlackElo "2637"]
[PlyCount "113"]
[EventDate "2022.??.??"]

1. e4 {[%eval 33,0]} e5 {[%eval 12,0]} 2. Nf3 {[%eval 19,0]} Nc6 {[%eval 32,0]}
3. Bb5 {[%eval 24,0]} a6 {[%eval 37,0]} 4. Ba4 {[%eval 35,0]} Nf6 {[%eval 37,0]
} 5. O-O {[%eval 29,0]} Nxe4 {[%eval 41,0]} 6. d4 {[%eval 21,0]} b5 {[%eval 2,
0]} 7. Bb3 {[%eval 21,0]} d5 {[%eval 43,0]} 8. dxe5 {[%eval 47,0]} Be6 {
[%eval 57,0]} 9. Nbd2 {[%eval 69,0]} Nc5 {[%eval 5,0]} 10. c3 {[%eval 71,0]}
Be7 {[%eval 58,0]} 11. Bc2 {[%eval 53,0]} d4 {[%eval 75,0]} 12. Nb3 {[%eval 68,
0]} d3 {[%eval 55,0]} 13. Nxc5 {[%eval 56,0]} dxc2 {[%eval 41,0]} 14. Qxd8+ {
[%eval 44,0]} Rxd8 {[%eval 42,0]} 15. Nxe6 {[%eval 44,0]} fxe6 {[%eval 5,0]}
16. Be3 {[%eval 41,0]} Rd5 {[%eval 51,0]} 17. Rfc1 {[%eval 55,0]} Nxe5 {
[%eval 36,0]} 18. Nxe5 {[%eval 54,0]} Rxe5 {[%eval 62,0]} 19. Rxc2 {[%eval 56,
0]} Kf7 {[%eval 31,0]} 20. c4 {[%eval 26,0]} Bd6 {[%eval 76,0]} 21. g3 {
[%eval 53,0]} Rb8 {[%eval 49,0]} 22. b3 {[%eval 56,0]} a5 {[%eval 75,0]} 23.
Rd1 {[%eval 69,0]} bxc4 {[%eval 73,0]} 24. bxc4 {[%eval 85,0]} Rd8 {[%eval 137,
0]} 25. c5 {[%eval 114,0]} Be7 {[%eval 122,0]} 26. Rb1 {[%eval 128,0]} Ra8 {
[%eval 104,0]} 27. Rb7 {[%eval 118,0]} Bd8 {[%eval 121,0]} 28. c6 {[%eval 108,
0]} Ra6 $2 {[%eval 265,0] Mistake. a4 was best.} (28... a4 29. Kg2 Rd5 30. Bb6
Rc8 31. Ra7 a3 32. Rc3 Rd2 33. Rcxa3 Rc2 34. Be3 Rxc6 35. Ra8) 29. Ba7 {
[%eval 257,0]} Re1+ $6 {[%eval 399,0] Inaccuracy. a4 was best.} (29... a4 30.
Kg2 a3 31. Bb8 Raa5 32. Bxc7 Bxc7 33. Rxc7+ Kf6 34. Rc4 Rec5 35. Rf4+ Rf5 36.
Rb4) 30. Kg2 {[%eval 401,0]} Ke7 {[%eval 394,0]} 31. Rd2 {[%eval 378,0]} Rxc6 {
[%eval 398,0]} 32. Rb8 {[%eval 308,0]} Rd6 {[%eval 396,0]} 33. Bc5 {[%eval 381,
0]} Rc1 {[%eval 400,0]} 34. Bxd6+ {[%eval 359,0]} cxd6 {[%eval 387,0]} 35. Rdb2
{[%eval 363,0]} Kd7 {[%eval 358,0]} 36. R2b7+ {[%eval 329,0]} Bc7 {[%eval 347,
0]} 37. Rg8 {[%eval 346,0]} Kc6 {[%eval 209,0]} 38. Rb2 {[%eval 298,0]} d5 {
[%eval 357,0]} 39. Re2 $2 {[%eval 195,0] Mistake. f4 was best.} (39. f4 e5 40.
fxe5 Bxe5 41. Rc8+ Bc7 42. Kf3 Rc3+ 43. Ke2 Kd7 44. Ra8 Ke6 45. Ra7 d4) 39...
e5 {[%eval 215,0]} 40. Rxg7 {[%eval 244,0]} d4 {[%eval 224,0]} 41. Kf3 $2 {
[%eval 98,0] Mistake. Rd2 was best.} (41. Rd2) 41... Kd5 {[%eval 16,0]} 42. Rb2
{[%eval 3,0]} e4+ {[%eval 19,0]} 43. Ke2 {[%eval 11,0]} Bd6 {[%eval 2,0]} 44.
Rg5+ {[%eval 26,0]} Kc4 $4 {[%eval 258,0] Blunder. Kc6 was best.} (44... Kc6
45. Rxa5 Bc5 46. Ra4 Kc7 47. h4 Kc6 48. Rb3 Kc7 49. Rb5 Kc6 50. Rb2 Kc7 51. g4)
45. Kd2 {[%eval 205,0]} Rf1 {[%eval 282,0]} 46. Rc2+ {[%eval 211,0]} Kb4 {
[%eval 265,0]} 47. Rd5 {[%eval 262,0]} Rxf2+ $2 {[%eval 501,0] Mistake. d3 was
best.} (47... d3 48. Rd4+) 48. Kc1 {[%eval 481,0]} Rf1+ {[%eval 604,0]} 49. Kb2
{[%eval 576,0]} d3 {[%eval 601,0]} 50. Rd4+ {[%eval 577,0]} Kb5 {[%eval 619,0]}
51. a4+ {[%eval 599,0]} Kb6 {[%eval 592,0]} 52. Rxd6+ {[%eval 601,0]} Kb7 {
[%eval 600,0]} 53. Rg2 {[%eval 716,0]} Kc7 {[%eval 721,0]} 54. Re6 {[%eval 654,
0]} Re1 {[%eval 721,0]} 55. Rd2 {[%eval 687,0]} Kd7 {[%eval 738,0]} 56. Re5 {
[%eval 744,0]} Kd6 {[%eval 747,0]} 57. Rxa5 {[%eval 761,0]} 1-0